000 00627nam a2200217 a 4500
001 10054
003 CO-ViMGA
008 141112s2004 ck r 000 u spa d
020 _a8433567977
040 _aCO-ViMGA
_bspa
_cCO-ViMGA
082 0 4 _aR617.632 W14a
100 1 _aWaite ; Ian M, Dermot Strahan J.,
_912631
245 1 0 _aAtlas en Color de CirugĂ­a Periodontal
260 _aBarcelona :
_bMosby Year Book,
_c1992
300 _a63p. : il color
650 1 4 _aATLAS
_912632
650 1 4 _aCIRUGIA DENTAL
_912633
650 1 4 _aCIRUGIA PERIODONCIA
_912634
650 1 4 _aENFERMEDADES PERIODONTALES
_912635
942 _2ddc
_cBK
999 _c21429
_d21429